000 00677nam a22002177a 4500
005 20251108173015.0
008 250721s2004 xx 000 0 ara d
020 _a9953152306
082 1 4 _a616.12/ كار
100 1 _aكاربر، جين
_eمؤلف
245 1 0 _aالعلاجات المعجزة لأمراض القلب /
264 1 _aبيروت :
_bشركة دار الفراشة للطباعة والنشر و التوزيع،
_c2004.
300 _a332ص.
650 1 7 _aأمراض القلب
650 1 7 _aالعلاج
650 1 7 _aالتغذية
700 1 _aعبدوش، فاديا
700 1 _aيموت، جنان
942 _2ddc
_cBK
999 _c93877
_d93877